KAPALI GİŞE YALNIZLIK (Record no. 898013)

MARC details
000 -LEADER
sabit uzunluktaki kontrol alanı 00245nam a2200097Ia 4500
001 - KONTROL NUMARASI
kontrol alanı 898013
005 - EN SON İŞLEMİN TARİH VE ZAMANI
kontrol alanı 20250826184422.0
008 - SABİT-UZUNLUKTA VERİ ÖĞELERİ--GENEL BİLGİ
sabit uzunluktaki kontrol alanı 250824s9999 xx 000 0 und d
245 #0 - ESER / YAZAR
ESER ADI KAPALI GİŞE YALNIZLIK
Yazar Adı SERKAN ÖZEL
260 ## - YAYIN, DAĞITIM, VB.
YAYIN EVİ DESTEK YAYINLARI
Holdings
Düşüm durumu Kayıp durumu Hasar Durumu Ödünç verilmez Ana kütüphane Geçerli Kütüphane Edinilen tarih Toplam ödünç verme sayısı Barkod Son görüntüleme tarihi Son ödünç verme tarihi Fiyatın geçerli olmaya başladığı tarih Koha materyal türü
        MAREŞAL MUSTAFA KEMAL ORTAOKULU MAREŞAL MUSTAFA KEMAL ORTAOKULU 24.08.2025 1 106514532 05.02.2026 04.02.2026 26.08.2025 Books